000 00201 a2200097 4500
020 _a0-590-39075-9
041 _aspa
100 _aMarulanda Dorros, Sandra
245 _aPor fin es carnaval
942 _cBK
999 _c15291
_d15291